MARC

LEADER 00000nam2a2200000 4500
001 336465
005 20231102004845.0
035 |a (RuTPU)RU\TPU\book\362881 
035 |a RU\TPU\book\297599 
090 |a 336465 
100 |a 20171016d1964 k y0rusy50 ca 
101 0 |a rus 
102 |a RU 
105 |a a z 001zb 
200 0 |a № 9 
210 |d 1964 
215 |a 314 с.  |c ил. 
225 1 |a Труды Всесоюзного нефтяного научно-исследовательского геологоразведочного института (ВНИГРИ)  |v Вып. 227 
320 |a Библиогр. в конце статей 
461 1 |0 (RuTPU)RU\TPU\book\298429  |t Геохимический сборник  |v № 9  |d 1961-   |s Труды ВНИГРИ 
600 1 |a Вернадский  |g Владимир Иванович  |b В. И.  |c российский учёный  |c естествоиспытатель, мыслитель и общественный деятель  |f 1863-1945  |2 stltpush  |3 (RuTPU)RU\TPU\pers\417 
606 1 |a Геохимия  |2 stltpush  |3 (RuTPU)RU\TPU\subj\6296  |9 34219 
610 1 |a нефть 
610 1 |a органическое происхождение 
610 1 |a твердые углеводороды 
610 1 |a битумы 
610 1 |a сернистые соединения 
610 1 |a термоокислительные превращения 
610 1 |a нормальный гексадекан 
610 1 |a нефти 
610 1 |a осмоление 
610 1 |a биогенные факторы 
610 1 |a бактериальные изменения 
610 1 |a аэробное окисление 
610 1 |a анаэробное окисление 
610 1 |a органическое вещество 
610 1 |a газовая фаза 
675 |a 550.4  |v 4 
801 1 |a RU  |b 63413507  |c 20141105 
801 2 |a RU  |b 63413507  |c 20210209  |g RCR 
942 |c BK